En un contexto de malestar y huelgas ¿La compensación social aliviara tensiones? /
Guardado en:
| Autor principal: | |
|---|---|
| Formato: | Texto |
| Etiquetas: |
Agregar Etiqueta
Sin Etiquetas, Sea el primero en etiquetar este registro!
|
MARC
| LEADER | 00000 a a2200000 04500 | ||
|---|---|---|---|
| 001 | 1394 | ||
| 003 | |||
| 040 | |||
| 100 | |a Morales G., Abelardo | ||
| 245 | |a En un contexto de malestar y huelgas ¿La compensación social aliviara tensiones? / |c Abelardo Morales G. | ||
| 773 | |g número 66; páginas 4-5 | ||
| 999 | |c 27064 |d 27064 | ||
